[Event "Verbandsliga Suedbaden 2122"]
[Site "Baden"]
[Date "2021.10.31"]
[Round "2.2"]
[White "Sonnenfeld, Daniel"]
[Black "Ehmann, Thilo"]
[Result "1-0"]
[WhiteElo "2091"]
[BlackElo "2352"]
[PlyCount "87"]
[EventDate "2021.10.10"]
[EventType "team-tourn"]
[EventRounds "9"]
[EventCountry "GER"]
[SourceTitle "EXT 2023"]
[Source "ChessBase"]
[SourceDate "2022.10.05"]
[SourceVersion "1"]
[SourceVersionDate "2022.10.05"]
[SourceQuality "1"]
[WhiteTeam "Oberwinden"]
[BlackTeam "Sasbach"]
[WhiteTeamCountry "GER"]
[BlackTeamCountry "GER"]

1. d4 Nf6 2. Bf4 g6 3. h3 c5 4. e3 Bg7 5. c3 b6 6. Be2 Bb7 7. Bf3 Nc6 8. Nd2 0-0 9. d5 Nb8 10. c4 Re8 11. Ne2 Qc8 12. Nc3 d6 13. 0-0 Nbd7 14. Bg3 a6 15. a4 e6 16. Bxd6 e5 17. Qb3 h6 18. a5 Nh7 19. axb6 f5 20. e4 Ng5 21. Be2 Nf6 22. Ra5 Qd8 23. Bxc5 Bc8 24. h4 Nf7 25. Ba3 Ng4 26. c5 Qxh4 27. Bxg4 fxg4 28. b7 Bxb7 29. Qxb7 Ng5 30. Ne2 Rf8 31. c6 Rf3 32. Qxa8+ Kh7 33. Be7 Rh3 34. Ng3 Rxg3 35. fxg3 Nh3+ 36. Kh2 Qh5 37. c7 Ng5+ 38. Kg1 Nh3+ 39. gxh3 Qxh3 40. Bh4 g5 41. c8Q gxh4 42. Qg8+ Kg6 43. Qae8+ Kg5 44. Rf5# 1-0

[Event "Verbandsliga Suedbaden 2122"]
[Site "Baden"]
[Date "2021.10.10"]
[Round "1.2"]
[White "Kalix, Wolfgang"]
[Black "Sonnenfeld, Daniel"]
[Result "0-1"]
[WhiteElo "2008"]
[BlackElo "2091"]
[PlyCount "62"]
[EventDate "2021.10.10"]
[EventType "team-tourn"]
[EventRounds "9"]
[EventCountry "GER"]
[SourceTitle "EXT 2023"]
[Source "ChessBase"]
[SourceDate "2022.10.05"]
[SourceVersion "1"]
[SourceVersionDate "2022.10.05"]
[SourceQuality "1"]
[WhiteTeam "Konstanz"]
[BlackTeam "Oberwinden"]
[WhiteTeamCountry "GER"]
[BlackTeamCountry "GER"]

1. e4 c5 2. Nf3 e6 3. c3 d5 4. e5 Nc6 5. d4 Qb6 6. Be2 Bd7 7. 0-0 Rc8 8. a3 cxd4 9. cxd4 Nge7 10. b4 Nf5 11. Bb2 Be7 12. g3 h6 13. Qd2 0-0 14. Rd1 f6 15. g4 fxe5 16. gxf5 e4 17. Ne5 Nxe5 18. dxe5 Bg5 19. Bd4 Qd8 20. Be3 Rxf5 21. Bg4 Bxe3 22. Qxe3 Rg5 23. h3 h5 24. Nd2 hxg4 25. h4 Rh5 26. Qg3 Qxh4 27. Qxh4 Rxh4 28. Rac1 Rxc1 29. Rxc1 Rh3 30. Rc7 Bc6 31. a4 d4 0-1

[Event "Verbandsliga Suedbaden 1920"]
[Site "Baden"]
[Date "2021.07.25"]
[Round "9.2"]
[White "Sonnenfeld, Daniel"]
[Black "Leutwyler, Martin"]
[Result "1-0"]
[WhiteElo "2091"]
[BlackElo "2200"]
[PlyCount "93"]
[EventDate "2019.09.29"]
[EventType "team-tourn"]
[EventRounds "9"]
[EventCountry "GER"]
[SourceTitle "EXT 2021"]
[Source "ChessBase"]
[SourceDate "2020.10.23"]
[SourceVersion "1"]
[SourceVersionDate "2020.10.23"]
[SourceQuality "1"]
[WhiteTeam "Oberwinden"]
[BlackTeam "Gottmadingen"]
[WhiteTeamCountry "GER"]
[BlackTeamCountry "GER"]

1. d4 d5 2. c4 c6 3. cxd5 cxd5 4. Bf4 Nf6 5. e3 Nc6 6. Nc3 a6 7. Bd3 e6 8. Rc1 Bd6 9. Bxd6 Qxd6 10. f4 b5 11. Nf3 Bb7 12. Ne5 0-0 13. 0-0 Rac8 14. g4 Na5 15. g5 Ne4 16. Qh5 Qe7 17. Rc2 b4 18. Na4 Rxc2 19. Bxc2 f6 20. Bxe4 dxe4 21. gxf6 gxf6 22. Rf2 fxe5 23. Rg2+ Kh8 24. Qxe5+ Rf6 25. Qg5 Qf7 26. Qxa5 Rg6 27. Qe5+ Kg8 28. Nc5 Bd5 29. Nxa6 Rxg2+ 30. Kxg2 Qd7 31. Qb8+ Kf7 32. Qc7 Qxc7 33. Nxc7 Bc4 34. Na8 Bxa2 35. Nb6 Ke7 36. Na4 Kd6 37. Nc5 Bd5 38. Kg3 Ke7 39. Kg4 Kf6 40. Kh5 Bc6 41. Na6 b3 42. Nc5 Bd5 43. Kh6 Kf5 44. h3 Bc4 45. Kxh7 Bf1 46. Nxb3 Bxh3 47. Nd2 1-0

[Event "Verbandsliga Suedbaden 1920"]
[Site "Baden"]
[Date "2020.01.12"]
[Round "4.4"]
[White "Tiemann, Tobias"]
[Black "Sonnenfeld, Daniel"]
[Result "1/2-1/2"]
[WhiteElo "2140"]
[BlackElo "2091"]
[PlyCount "20"]
[EventDate "2019.09.29"]
[EventType "team-tourn"]
[EventRounds "9"]
[EventCountry "GER"]
[SourceTitle "EXT 2021"]
[Source "ChessBase"]
[SourceDate "2020.10.23"]
[SourceVersion "1"]
[SourceVersionDate "2020.10.23"]
[SourceQuality "1"]
[WhiteTeam "Baden-Baden IV"]
[BlackTeam "Oberwinden"]
[WhiteTeamCountry "GER"]
[BlackTeamCountry "GER"]

1. d4 d5 2. Nf3 Nf6 3. g3 c5 4. c4 cxd4 5. Bg2 Nc6 6. Nxd4 e5 7. Nxc6 bxc6 8. Nc3 Be6 9. cxd5 cxd5 10. 0-0 Rc8 1/2-1/2

[Event "Verbandsliga Suedbaden 1819"]
[Site "Baden"]
[Date "2019.02.17"]
[Round "6.3"]
[White "Scherer, Helmut"]
[Black "Sonnenfeld, Daniel"]
[Result "1/2-1/2"]
[WhiteElo "2278"]
[BlackElo "2091"]
[PlyCount "55"]
[EventDate "2018.10.14"]
[EventType "team-tourn"]
[EventRounds "9"]
[EventCountry "GER"]
[SourceTitle "EXT 2020"]
[Source "ChessBase"]
[SourceDate "2019.10.17"]
[SourceVersion "1"]
[SourceVersionDate "2019.10.17"]
[SourceQuality "1"]
[WhiteTeam "Zaehringen"]
[BlackTeam "Oberwinden"]
[WhiteTeamCountry "GER"]
[BlackTeamCountry "GER"]

1. e4 c5 2. Nf3 e6 3. Nc3 Nc6 4. Bb5 Nd4 5. a4 a6 6. Bc4 Ne7 7. d3 Nec6 8. 0-0 Be7 9. Nxd4 cxd4 10. Ne2 b6 11. f4 0-0 12. Ng3 Na5 13. Ba2 Bb7 14. Qg4 Kh8 15. f5 Nc6 16. Bf4 Rc8 17. Rf2 g6 18. Raf1 Rg8 19. Qh3 Bg5 20. Bxg5 Qxg5 21. f6 Ne5 22. Bb3 h6 23. Rf4 Kh7 24. Ne2 Nc6 25. R1f3 Rh8 26. Rg3 Qe5 27. c3 Kg8 28. Rgf3 1/2-1/2

[Event "Verbandsliga Suedbaden 1718"]
[Site "Baden"]
[Date "2018.03.11"]
[Round "7.2"]
[White "Sonnenfeld, Daniel"]
[Black "Ehmann, Thilo"]
[Result "0-1"]
[WhiteElo "2091"]
[BlackElo "2291"]
[PlyCount "150"]
[EventDate "2017.10.08"]
[EventType "team-tourn"]
[EventRounds "9"]
[EventCountry "GER"]
[SourceTitle "EXT 2019"]
[Source "ChessBase"]
[SourceDate "2018.10.10"]
[SourceVersion "1"]
[SourceVersionDate "2018.10.10"]
[SourceQuality "1"]
[WhiteTeam "Oberwinden"]
[BlackTeam "Sasbach"]
[WhiteTeamCountry "GER"]
[BlackTeamCountry "GER"]

1. d4 Nf6 2. Bf4 c5 3. e3 g6 4. c3 Bg7 5. Nf3 cxd4 6. exd4 d6 7. h3 Nd5 8. Bh2 Bh6 9. Bc4 Nf4 10. 0-0 0-0 11. d5 e5 12. dxe6 fxe6 13. Re1 d5 14. Bf1 Qf6 15. Nbd2 Nc6 16. Bxf4 Bxf4 17. Nb3 Rd8 18. Qe2 Bc7 19. Nbd4 e5 20. Nxc6 bxc6 21. Nxe5 h5 22. Nd3 Bd6 23. Qe3 Bf5 24. Qd4 Qf8 25. b4 Bc7 26. Qc5 Rd6 27. Qd4 Rf6 28. Nc5 Qd6 29. g3 Raf8 30. Nb7 Qd7 31. Nc5 Qc8 32. h4 Bg4 33. f4 Bf3 34. Qf2 Bg4 35. Qd4 Qd8 36. Bg2 Qc8 37. Qf2 g5 38. hxg5 Rg6 39. Re7 Rxg5 40. Rae1 Rg6 41. Qe3 h4 42. Re8 Qf5 43. Qe7 Bd6 44. Qxh4 Qc2 45. Nb7 Bd7 46. Nxd6 Bxe8 47. Nxe8 Rf7 48. Bh3 Qxc3 49. Kf2 Qd2+ 50. Re2 Qd4+ 51. Re3 Qb2+ 52. Re2 Qd4+ 53. Re3 Qxb4 54. Be6 Qd2+ 55. Kf3 Qxe3+ 56. Kxe3 Rxe6+ 57. Kf3 Rxe8 58. Qh6 Rc8 59. Qg6+ Kf8 60. Qd6+ Re7 61. f5 Ke8 62. g4 Rd7 63. Qe5+ Kd8 64. f6 d4 65. Qa5+ Rcc7 66. Qa3 Kc8 67. Qf8+ Rd8 68. Qc5 d3 69. Qc1 d2 70. Qd1 c5 71. g5 c4 72. Ke3 c3 73. Qg4+ Kb8 74. Qb4+ Rb7 75. Qf4+ Ka8 0-1

[Event "Oberliga Baden 1516"]
[Site "Baden"]
[Date "2016.01.31"]
[Round "6.5"]
[White "Vinke, Andreas"]
[Black "Sonnenfeld, Daniel"]
[Result "1/2-1/2"]
[WhiteElo "2197"]
[BlackElo "2034"]
[PlyCount "40"]
[EventDate "2015.09.20"]
[EventType "team-tourn"]
[EventRounds "9"]
[EventCountry "GER"]
[SourceTitle "EXT 2018"]
[Source "ChessBase"]
[SourceDate "2017.10.13"]
[SourceVersion "1"]
[SourceVersionDate "2017.10.13"]
[SourceQuality "1"]
[WhiteTeam "Karlsruhe SF"]
[BlackTeam "Oberwinden"]
[WhiteTeamCountry "GER"]
[BlackTeamCountry "GER"]

1. c4 e5 2. g3 Nc6 3. Bg2 Bc5 4. e3 d6 5. Ne2 a6 6. Nbc3 Ba7 7. d4 Nf6 8. b3 0-0 9. 0-0 Re8 10. Bb2 exd4 11. Nxd4 Nxd4 12. exd4 Rb8 13. Qd3 Qe7 14. h3 Bd7 15. a4 Bc6 16. d5 Bd7 17. Rfd1 Qe5 18. Rd2 Bf5 19. Qf3 Bg6 20. Re2 Qf5 1/2-1/2

[Event "Oberliga Baden 1516"]
[Site "Baden"]
[Date "2015.10.11"]
[Round "2.4"]
[White "Schloetzer, Waldemar"]
[Black "Sonnenfeld, Daniel"]
[Result "1-0"]
[WhiteElo "2290"]
[BlackElo "2034"]
[PlyCount "79"]
[EventDate "2015.09.20"]
[EventType "team-tourn"]
[EventRounds "9"]
[EventCountry "GER"]
[SourceTitle "EXT 2018"]
[Source "ChessBase"]
[SourceDate "2017.10.13"]
[SourceVersion "1"]
[SourceVersionDate "2017.10.13"]
[SourceQuality "1"]
[WhiteTeam "Buchen"]
[BlackTeam "Oberwinden"]
[WhiteTeamCountry "GER"]
[BlackTeamCountry "GER"]

1. d4 d5 2. c4 c6 3. Nf3 Nf6 4. Nc3 a6 5. e3 b5 6. cxd5 cxd5 7. Ne5 Bb7 8. Be2 e6 9. 0-0 Nbd7 10. Nd3 Ne4 11. Bd2 Rc8 12. Rc1 Bd6 13. b4 f5 14. a4 Nxc3 15. Bxc3 0-0 16. axb5 axb5 17. Nc5 Bxc5 18. bxc5 Bc6 19. Rb1 Nb8 20. Bxb5 Bxb5 21. Rxb5 Nc6 22. Rb6 Rf7 23. Qe2 Ra7 24. Rfb1 Qd7 25. Qb5 h6 26. h3 Kh8 27. Ra1 Rxa1+ 28. Bxa1 Kh7 29. Bc3 Rc7 30. f3 Kh8 31. Be1 Kh7 32. Bg3 Rc8 33. Rb7 Qe8 34. Qb6 Kh8 35. Kh2 Kh7 36. Rc7 Kg6 37. Qb7 Rxc7 38. Qxc7 Ne7 39. Be5 Kf7 40. Bd6 1-0